La « parentalité soignante » dans un « ailleurs » (notice n° 1591771)
[ vue normale ]
| 000 -LEADER | |
|---|---|
| fixed length control field | 01195cam a2200205 4500500 |
| 005 - DATE AND TIME OF LATEST TRANSACTION | |
| control field | 20251228065551.0 |
| 041 ## - LANGUAGE CODE | |
| Language code of text/sound track or separate title | fre |
| 042 ## - AUTHENTICATION CODE | |
| Authentication code | dc |
| 100 10 - MAIN ENTRY--PERSONAL NAME | |
| Personal name | Markakis, Konstantinos |
| Relator term | author |
| 245 00 - TITLE STATEMENT | |
| Title | La « parentalité soignante » dans un « ailleurs » |
| 260 ## - PUBLICATION, DISTRIBUTION, ETC. | |
| Date of publication, distribution, etc. | 2019.<br/> |
| 500 ## - GENERAL NOTE | |
| General note | 39 |
| 520 ## - SUMMARY, ETC. | |
| Summary, etc. | À partir d’une vignette tirée de l’expérience sur un poste d’ avs-co (auxiliaire de vie scolaire collectif) au sein d’un collège, l’auteur essaie d’illustrer le concept de la « parentalité soignante » dans l’accompagnement socio-éducatif au sens large. Il met davantage l’accent sur la nécessité pour le professionnel de « comprendre » ses propres éléments infantiles mobilisés dans la relation à autrui et il démontre comment les « ailleurs » peuvent contribuer à cette direction. |
| 690 ## - LOCAL SUBJECT ADDED ENTRY--TOPICAL TERM (OCLC, RLIN) | |
| Topical term or geographic name as entry element | accompagnement socio-éducatif |
| 690 ## - LOCAL SUBJECT ADDED ENTRY--TOPICAL TERM (OCLC, RLIN) | |
| Topical term or geographic name as entry element | ailleurs |
| 690 ## - LOCAL SUBJECT ADDED ENTRY--TOPICAL TERM (OCLC, RLIN) | |
| Topical term or geographic name as entry element | Parentalité soignante |
| 690 ## - LOCAL SUBJECT ADDED ENTRY--TOPICAL TERM (OCLC, RLIN) | |
| Topical term or geographic name as entry element | relation |
| 786 0# - DATA SOURCE ENTRY | |
| Note | VST - Vie sociale et traitements | 144 | 4 | 2019-10-15 | p. 95-98 | 0396-8669 |
| 856 41 - ELECTRONIC LOCATION AND ACCESS | |
| Uniform Resource Identifier | <a href="https://shs.cairn.info/revue-vie-sociale-et-traitements-2019-4-page-95?lang=fr&redirect-ssocas=7080">https://shs.cairn.info/revue-vie-sociale-et-traitements-2019-4-page-95?lang=fr&redirect-ssocas=7080</a> |
Pas d'exemplaire disponible.




Réseaux sociaux